| 000 | 00682nam a2200217 u 4500 | ||
|---|---|---|---|
| 005 | 20240228063642.0 | ||
| 008 | 111123s2006 es r 000 0 spa d | ||
| 020 | _a8496566285 (10 digítos) | ||
| 020 | _a9788496566286 (13 digítos) | ||
| 035 | _aUPN01000182604 | ||
| 049 | _aI | ||
| 050 | 4 |
_aPZ78 _bB5.4 |
|
| 100 | 1 |
_aBlanco Laserna, David, _d1973- _934387 |
|
| 245 | 1 | 0 |
_aAlbert y el domador de dragones / _cDavid Blanco Laserna ; il. Carlos Pinto. |
| 260 |
_aMadrid : _bNivola, _c2006. |
||
| 300 |
_a124 p. : _bil. |
||
| 440 | 4 |
_aEl incorregible Albert ; _v4 |
|
| 650 | 0 |
_aHistorias de aventuras _94131 |
|
| 650 | 4 |
_aLiteratura infantil española _95892 |
|
| 905 | _aInfantil | ||
| 999 |
_c154707 _d154707 |
||